Alianza Francesa de Managua
Presenta un informe final de prácticas profesionales en Alianza Francesa de Managua. Describe un diagnóstico, una propuesta arquitectónica a nivel de anteproyecto y una síntesis de las actividades realizadas durante el periodo de prácticas. El diagnóstico refleja las condiciones actuales de la...
| Main Authors: | , , |
|---|---|
| Other Authors: | |
| Format: | Tesis Section = Libro |
| Language: | Undetermined Spanish |
| Published: |
Managua
UNI
2005
|
| Subjects: |
| LEADER | 01698nam a2200277Ia 4500 | ||
|---|---|---|---|
| 008 | 240830s9999 xx 000 0 und d | ||
| 040 | |a BIBLIOTECA-RUSB/ Mon 727 R621 | ||
| 041 | |a spa | ||
| 082 | |a Mon 727 R621 | ||
| 100 | 1 | |a Rivera Escorcia, Claudia Marina | |
| 100 | 1 | |b Walsh García, Angélica Segovia | |
| 100 | 1 | |c Ruíz Picado, Bergman Antonio | |
| 245 | 1 | 0 | |a Alianza Francesa de Managua |
| 260 | |a Managua |b UNI |c 2005 | ||
| 300 | |a 145 p. :il. | ||
| 500 | |a Informe de prácticas profesionales supervisadas. | ||
| 502 | |a Tesis (Arquitecto) - UNI, 2005. | ||
| 520 | 3 | |a Presenta un informe final de prácticas profesionales en Alianza Francesa de Managua. Describe un diagnóstico, una propuesta arquitectónica a nivel de anteproyecto y una síntesis de las actividades realizadas durante el periodo de prácticas. El diagnóstico refleja las condiciones actuales de la edificación e identifica los problemas y las necesidades con el objetivo de tener la información necesaria para elaborar una propuesta la cual responde a las necesidades reconocidas en el diagnóstico, es decir soluciones funcionales, formales, técnicas y especiales. Está compuesta por una descripción general del funcionamiento propuesto, un análisis formal, minoría descriptiva, programas arquitectónico, ficha técnica. | |
| 650 | 7 | |a EDIFICIOS PARA PROPOSITOS EDUCACIONAL - CENTRO CULTURAL | |
| 650 | 7 | |b REMODELACION - INFRAESTRUCTURA ALIANZA FRANCESA | |
| 650 | 7 | |c DIAGNÓSTICO - EDIFICACION - ALIANZA FRANCESA | |
| 650 | 7 | |d PROPUESTA ARQUITECTONICA - ALIANZA FRANCESA | |
| 700 | 1 | |a Tutor: |b Guevara Chamorro, Cristian Alejandro | |
| 942 | |c BK |2 ddc | ||
| 991 | |a TESIS | ||
| 999 | |c 21367 | ||